Lepaskan aku kembali ke laut
| Main Author: | |
|---|---|
| Format: | Book |
| Published: |
Kuala Lumpur :
Dewan Bahasa Dan Pustaka ,
1982
|
| Subjects: |
MARC
| LEADER | 00000cam a2200000 7i4500 | ||
|---|---|---|---|
| 001 | 0000009313 | ||
| 002 | 000010143 | ||
| 005 | 20000330.0 | ||
| 020 | |a 58326630101 | ||
| 090 | 0 | 0 | |a F |b SHA |
| 100 | 0 | |a Shaari Isa | |
| 245 | 1 | 0 | |a Lepaskan aku kembali ke laut |c Shaari Isa |
| 260 | |a Kuala Lumpur : |b Dewan Bahasa Dan Pustaka , |c 1982 | ||
| 300 | |a 343p. ; |c 24cm. | ||
| 650 | 0 | 0 | |a General fiction, Malay |
| 999 | |a 0007434 |b BUKU |c PINJAMAN |e PERPUSTAKAAN KOMUNITI PETALING JAYA | ||